[Event "Jastrzebie Zdroj op"]
[Site "Jastrzebie Zdroj"]
[Date "2018.08.23"]
[Round "7"]
[White "Marcinowski, Zbigniew"]
[Black "Wiecek, Pawel"]
[Result "0-1"]
[WhiteElo "2058"]
[BlackElo "1910"]
[PlyCount "120"]
[EventDate "2018.08.18"]
[EventType "swiss"]
[EventRounds "9"]
[EventCountry "POL"]
[SourceTitle "CBM 186 Extra"]
[Source "ChessBase"]
[SourceDate "2018.08.24"]
[SourceVersion "1"]
[SourceVersionDate "2018.08.24"]
[SourceQuality "1"]

1. e4 e5 2. Nf3 Nc6 3. Bb5 Bc5 4. 0-0 Nd4 5. Ba4 Nxf3+ 6. Qxf3 Nf6 7. c3 0-0 8. b4 Bb6 9. d3 h6 10. h3 c6 11. Nd2 d5 12. Bc2 Nh7 13. a4 Qh4 14. Kh2 f5 15. exd5 Bc7 16. d6 Bxd6 17. Qg3 Qf6 18. Nc4 f4 19. Qf3 Ng5 20. Qh5 Bc7 21. Bb3 Kh7 22. Kh1 g6 23. Qh4 b5 24. Nd2 Qf5 25. Bc2 Bd8 26. Qg4 Qf6 27. Qd1 f3 28. Nxf3 Nxf3 29. Qxf3 Qxf3 30. gxf3 Bxh3 31. Rg1 Rxf3 32. Rg3 Rxg3 33. fxg3 Bb6 34. c4 Bd4 35. Ra2 bxc4 36. dxc4 Rf8 37. Be4 Rf1+ 38. Kh2 Rxc1 39. Kxh3 Rxc4 40. Rc2 Rxc2 41. Bxc2 Bc3 42. b5 cxb5 43. axb5 Kg7 44. Kg4 Kf6 45. Be4 h5+ 46. Kh3 g5 47. Bd3 Bd2 48. Be2 g4+ 49. Kg2 Kg5 50. Bd3 h4 51. gxh4+ Kxh4 52. Be4 Kg5 53. Kf2 Kf4 54. Bg2 e4 55. Bf1 Ba5 56. Bg2 Bc7 57. Bf1 Bb6+ 58. Kg2 Ke3 59. Kg3 Kd2 60. Kxg4 Ke1 0-1

[Event "Jastrzebie Zdroj op"]
[Site "Jastrzebie Zdroj"]
[Date "2018.08.21"]
[Round "5"]
[White "Wiecek, Pawel"]
[Black "Smolka, Marcin"]
[Result "0-1"]
[WhiteElo "1910"]
[BlackElo "2170"]
[PlyCount "60"]
[EventDate "2018.08.18"]
[EventType "swiss"]
[EventRounds "9"]
[EventCountry "POL"]
[SourceTitle "CBM 186 Extra"]
[Source "ChessBase"]
[SourceDate "2018.08.24"]
[SourceVersion "1"]
[SourceVersionDate "2018.08.24"]
[SourceQuality "1"]

1. d4 d5 2. c4 e6 3. Nf3 c6 4. Nc3 dxc4 5. a4 Bb4 6. e3 b5 7. Bd2 a5 8. axb5 Bxc3 9. Bxc3 cxb5 10. b3 Bb7 11. bxc4 b4 12. Bb2 Nf6 13. Bd3 Ne4 14. 0-0 0-0 15. Nd2 Nxd2 16. Qxd2 Nd7 17. Qc2 h6 18. e4 e5 19. dxe5 Nc5 20. Rfd1 Nxd3 21. Rxd3 Bxe4 22. Rxd8 Bxc2 23. Rxf8+ Kxf8 24. Bd4 Ke8 25. Bc5 Rb8 26. f4 b3 27. Bd4 b2 28. Bxb2 Rxb2 29. Rxa5 Be4 30. g4 Rg2+ 0-1

[Event "Katowice POL-HUN 6th"]
[Site "Katowice"]
[Date "2018.05.05"]
[Round "5"]
[White "Majdan, Joanna"]
[Black "Wiecek, Pawel"]
[Result "1-0"]
[WhiteElo "2369"]
[BlackElo "1926"]
[PlyCount "73"]
[EventDate "2018.05.05"]
[EventType "swiss (rapid)"]
[EventRounds "9"]
[EventCountry "POL"]
[SourceTitle "CBM 184 Extra"]
[Source "ChessBase"]
[SourceDate "2018.06.28"]
[SourceVersion "1"]
[SourceVersionDate "2018.06.28"]
[SourceQuality "1"]

1. e4 d6 2. d4 Nf6 3. Nc3 g6 4. h3 Bg7 5. Nf3 0-0 6. Be3 c6 7. a4 Nbd7 8. a5 b5 9. axb6 Nxb6 10. Be2 Be6 11. Nd2 Ne8 12. Ra3 f5 13. f3 f4 14. Bf2 Qd7 15. d5 Bxc3 16. bxc3 Nxd5 17. exd5 Bxd5 18. Nc4 Nc7 19. Na5 e5 20. c4 Bf7 21. Nb7 d5 22. 0-0 Qf5 23. Nd6 Qg5 24. Nxf7 Rxf7 25. Rxa7 Rxa7 26. Bxa7 e4 27. cxd5 Nxd5 28. Bd4 e3 29. Bb2 c5 30. Bc4 Rd7 31. Qd3 Kf8 32. Ra1 Nb6 33. Ra8+ Ke7 34. Qe4+ Kd6 35. Qe6+ Kc7 36. Be5+ Kb7 37. Rb8+ 1-0

[Event "Pszczyna op"]
[Site "Pszczyna"]
[Date "2009.07.14"]
[Round "2"]
[White "Motyka, Michal"]
[Black "Wiecek, Pawel"]
[Result "1-0"]
[WhiteElo "2396"]
[BlackElo "2070"]
[PlyCount "51"]
[EventDate "2009.07.14"]
[EventType "swiss"]
[EventRounds "9"]
[EventCountry "POL"]
[SourceTitle "CBM 131 Extra"]
[Source "ChessBase"]
[SourceDate "2009.09.03"]
[SourceVersion "2"]
[SourceVersionDate "2009.09.16"]
[SourceQuality "1"]

1. e4 e5 2. d4 exd4 3. Qxd4 Nc6 4. Qe3 g6 5. Nc3 Bg7 6. Bd2 Nge7 7. 0-0-0 0-0 8. Qg3 d6 9. h4 h5 10. f3 Be6 11. Nge2 b5 12. Nf4 b4 13. Nxe6 fxe6 14. Na4 Qe8 15. Bc4 d5 16. Bb3 Nd4 17. Rhe1 c5 18. Nxc5 Rc8 19. Bxb4 Qb5 20. Nd3 Rxc2+ 21. Bxc2 Qc4 22. Qf2 Rc8 23. Bxe7 Qxa2 24. Bc5 Bh6+ 25. f4 Qa1+ 26. Kd2 1-0

[Event "Chorzow Bak Memorial op"]
[Site "Chorzow"]
[Date "2008.11.16"]
[Round "2"]
[White "Wiecek, Pawel"]
[Black "Stepaniec, Lukasz"]
[Result "1-0"]
[WhiteElo "2101"]
[BlackElo "1883"]
[PlyCount "97"]
[EventDate "2008.11.15"]
[EventType "swiss"]
[EventRounds "9"]
[EventCountry "POL"]
[SourceTitle "EXT 2010"]
[Source "ChessBase"]
[SourceDate "2010.11.25"]
[SourceVersion "1"]
[SourceVersionDate "2010.11.25"]
[SourceQuality "1"]

1. d4 Nf6 2. c4 e6 3. g3 d5 4. Bg2 Nc6 5. Nf3 Bb4+ 6. Bd2 dxc4 7. Bxb4 Nxb4 8. Qa4+ Nc6 9. Ne5 0-0 10. Nxc6 bxc6 11. Qxc4 Rb8 12. b3 Bb7 13. 0-0 Nd5 14. e4 Ne7 15. Nc3 Qc8 16. Qc5 Qd7 17. Qxa7 Ra8 18. Qc5 Ra6 19. Rfd1 Rfa8 20. Na4 Qd6 21. Qc2 Qa3 22. Qc5 Qxc5 23. Nxc5 Rb6 24. Bf1 Nc8 25. d5 cxd5 26. Nxb7 Rxb7 27. exd5 e5 28. d6 Nxd6 29. Bg2 e4 30. Rxd6 cxd6 31. Bxe4 Rba7 32. Bxa8 Rxa8 33. a4 Kf8 34. Kf1 Ke7 35. Ke2 d5 36. Kd3 Kd6 37. Rc1 Rb8 38. Kc3 Rc8+ 39. Kb2 Re8 40. a5 g5 41. a6 Re2+ 42. Rc2 Re4 43. a7 Re8 44. Kc1 Ra8 45. Ra2 Kc5 46. Kc2 Kd4 47. Ra4+ Kc5 48. Kd3 h6 49. g4 1-0

[Event "Chorzow Bak Memorial op"]
[Site "Chorzow"]
[Date "2008.11.15"]
[Round "1"]
[White "Czornik, Janusz"]
[Black "Wiecek, Pawel"]
[Result "0-1"]
[WhiteElo "1723"]
[BlackElo "2101"]
[PlyCount "112"]
[EventDate "2008.11.15"]
[EventType "swiss"]
[EventRounds "9"]
[EventCountry "POL"]
[SourceTitle "EXT 2010"]
[Source "ChessBase"]
[SourceDate "2010.11.25"]
[SourceVersion "1"]
[SourceVersionDate "2010.11.25"]
[SourceQuality "1"]

1. e4 d6 2. f4 Nf6 3. Nc3 g6 4. Nf3 Bg7 5. Bc4 0-0 6. 0-0 Nxe4 7. Nxe4 d5 8. Bxd5 Qxd5 9. d3 Nc6 10. Qe2 Bg4 11. c3 e5 12. h3 Bf5 13. Nf2 Rad8 14. Rd1 Rfe8 15. Qc2 Qc5 16. a3 e4 17. dxe4 Rxd1+ 18. Qxd1 Bxe4 19. Bd2 Rd8 20. Qe2 Bxf3 21. gxf3 Bh6 22. Rd1 Qe7 23. Qxe7 Nxe7 24. Kg2 f5 25. Bc1 Rxd1 26. Nxd1 Nd5 27. Kg3 b5 28. Nf2 Bf8 29. Bd2 Bd6 30. h4 Kf7 31. Nd3 Ke6 32. Bc1 a5 33. Ne1 c5 34. Ng2 Bf8 35. Kf2 Bh6 36. Ke2 Bf8 37. Kd3 Nb6 38. Kc2 c4 39. Kd1 Be7 40. Ke2 Nd7 41. Be3 Bc5 42. Ne1 Be7 43. Ng2 Kd5 44. Bf2 Kc6 45. Bd4 Bc5 46. Bxc5 Nxc5 47. Ne1 Na4 48. Nc2 Nxb2 49. Nd4+ Kb6 50. Ne6 Nd3 51. Kd2 h5 52. Ke3 Ne1 53. Kf2 Nc2 54. Nf8 Nxa3 55. Nxg6 a4 56. Ne7 Nc2 0-1

[Event "Pszczyna op 4th"]
[Site "Pszczyna"]
[Date "2008.07.17"]
[Round "4"]
[White "Wiecek, Pawel"]
[Black "Jacko, Vladimir1111"]
[Result "1-0"]
[WhiteElo "2088"]
[BlackElo "1930"]
[PlyCount "55"]
[EventDate "2008.07.15"]
[EventType "swiss"]
[EventRounds "9"]
[EventCountry "POL"]
[SourceTitle "CBM 125 Extra"]
[Source "ChessBase"]
[SourceDate "2008.09.01"]
[SourceVersion "1"]
[SourceVersionDate "2008.09.01"]
[SourceQuality "1"]

1. d4 Nf6 2. c4 c5 3. d5 b5 4. cxb5 a6 5. f3 e6 6. e4 exd5 7. exd5 d6 8. Nc3 Be7 9. Bd3 0-0 10. Nge2 Qb6 11. Be3 Nbd7 12. 0-0 axb5 13. Bxb5 Ba6 14. a4 Bxb5 15. Nxb5 Qb7 16. Nec3 Nb6 17. Bg5 Rfd8 18. Re1 h6 19. Bh4 Nbxd5 20. Nxd5 Nxd5 21. Bxe7 Nxe7 22. Qd2 Nf5 23. Qf4 Qd7 24. Rad1 d5 25. b3 d4 26. Re5 Nd6 27. Nxd6 Qxd6 28. Re8+ 1-0

[Event "POL-chT3 Slaskie"]
[Site "Poland"]
[Date "2008.05.10"]
[Round "7.63"]
[White "Kielar, Maciej"]
[Black "Wiecek, Pawel"]
[Result "1/2-1/2"]
[WhiteElo "1985"]
[BlackElo "2030"]
[PlyCount "92"]
[EventDate "2008.02.03"]
[EventType "team-swiss"]
[EventRounds "9"]
[EventCountry "POL"]
[SourceTitle "EXT 2019"]
[Source "ChessBase"]
[SourceDate "2018.10.10"]
[SourceVersion "1"]
[SourceVersionDate "2018.10.10"]
[SourceQuality "1"]

1. e4 e6 2. d4 d5 3. Nd2 dxe4 4. Nxe4 Qd5 5. Nc3 Bb4 6. Nf3 Nf6 7. Bd2 Bxc3 8. Bxc3 b6 9. Be2 Ba6 10. 0-0 Bxe2 11. Qxe2 0-0 12. Rfe1 Nbd7 13. b3 Qb7 14. Bb2 c5 15. Rad1 Rfe8 16. dxc5 bxc5 17. Ne5 Nxe5 18. Qxe5 Rac8 19. Rd3 Qc7 20. Qc3 Rcd8 21. Rg3 e5 22. Rg5 h6 23. Rgxe5 Rxe5 24. Qxe5 Qxe5 25. Bxe5 Rd2 26. Bxf6 gxf6 27. Rc1 c4 28. bxc4 Rd4 29. g3 Rxc4 30. c3 Kf8 31. Kf1 Ke7 32. Ke2 Kd6 33. Kd3 Ra4 34. Rc2 h5 35. h4 f5 36. f4 f6 37. Rb2 Kc5 38. Re2 Kd5 39. Rd2 Kc5 40. Rb2 Ra3 41. Kc2 a5 42. Kd3 Ra4 43. Re2 Kd5 44. Rd2 Kc5 45. Rb2 Ra3 46. Rc2 Ra4 1/2-1/2

[Event "POL-chT3 Slaskie"]
[Site "Poland"]
[Date "2008.02.03"]
[Round "1.10"]
[White "Wiecek, Pawel"]
[Black "Sowa, Bernard"]
[Result "1-0"]
[WhiteElo "2030"]
[BlackElo "1921"]
[PlyCount "43"]
[EventDate "2008.02.03"]
[EventType "team-swiss"]
[EventRounds "9"]
[EventCountry "POL"]
[SourceTitle "EXT 2019"]
[Source "ChessBase"]
[SourceDate "2018.10.10"]
[SourceVersion "1"]
[SourceVersionDate "2018.10.10"]
[SourceQuality "1"]

1. d4 d5 2. c4 Bf5 3. Nc3 e6 4. cxd5 exd5 5. Qb3 Nc6 6. Nf3 Nb4 7. e4 dxe4 8. Ne5 Be6 9. Bc4 Qxd4 10. Bxe6 Qxe5 11. Bxf7+ Kd7 12. 0-0 Bd6 13. g3 g5 14. Rd1 Nf6 15. Qxb4 Rhf8 16. Bb3 Ng4 17. Nxe4 Nxf2 18. Rxd6+ Kc8 19. Be6+ Kb8 20. Rd5 Qg7 21. Nxf2 a5 22. Qd4 1-0

[Event "Pszczyna op 3rd"]
[Site "Pszczyna"]
[Date "2007.07.21"]
[Round "7"]
[White "Wojtaszewski, Piotr"]
[Black "Wiecek, Pawel"]
[Result "0-1"]
[WhiteElo "1848"]
[BlackElo "1991"]
[PlyCount "62"]
[EventDate "2007.07.17"]
[EventType "swiss"]
[EventRounds "9"]
[EventCountry "POL"]
[SourceTitle "EXT 2011"]
[Source "ChessBase"]
[SourceDate "2010.11.26"]
[SourceVersion "1"]
[SourceVersionDate "2010.11.26"]
[SourceQuality "1"]

1. e4 e5 2. f4 d5 3. exd5 c6 4. d3 cxd5 5. Nf3 Bg4 6. Be2 Bxf3 7. Bxf3 Nc6 8. 0-0 Bc5+ 9. Kh1 exf4 10. Bxf4 Nge7 11. c3 0-0 12. d4 Bd6 13. Bxd6 Qxd6 14. Qd3 Ng6 15. g3 Rae8 16. Nd2 Re7 17. Rae1 Rfe8 18. Qb1 a6 19. Rxe7 Rxe7 20. Re1 b5 21. Nb3 Nd8 22. Nc5 Ne6 23. b4 Ng5 24. Bg2 h5 25. Rxe7 Qxe7 26. h4 Nh7 27. Qf1 Nf6 28. Nxa6 Qe3 29. Qxb5 Qe1+ 30. Kh2 Ng4+ 31. Kh3 Qg1 0-1

[Event "POL-chT3 Liga Slaska"]
[Site "Poland"]
[Date "2007.02.11"]
[Round "4"]
[White "Gmaj, Krzysztof"]
[Black "Wiecek, Pawel"]
[Result "0-1"]
[WhiteElo "2136"]
[BlackElo "2002"]
[PlyCount "117"]
[EventDate "2007.01.28"]
[EventType "team-swiss"]
[EventRounds "9"]
[EventCountry "POL"]
[SourceTitle "EXT 2011"]
[Source "ChessBase"]
[SourceDate "2010.11.26"]
[SourceVersion "1"]
[SourceVersionDate "2010.11.26"]
[SourceQuality "1"]
[WhiteTeam "Dabrowa Gornicza Zaglebie"]
[BlackTeam "Pszczyna PSSz"]
[WhiteTeamCountry "POL"]
[BlackTeamCountry "POL"]

1. e4 e5 2. Nf3 Nc6 3. Bc4 Nf6 4. d4 exd4 5. 0-0 Nxe4 6. Re1 d5 7. Bxd5 Qxd5 8. Nc3 Qa5 9. Nxe4 Be6 10. Bg5 Bd6 11. Nxd4 Nxd4 12. Qxd4 Be5 13. Qc5 Qxc5 14. Nxc5 Bxb2 15. Nxe6 fxe6 16. Rxe6+ Kf7 17. Rae1 Rhe8 18. Re7+ Kf8 19. Kf1 Rxe7 20. Bxe7+ Kf7 21. Bg5 Bf6 22. Bf4 c6 23. Re3 Rd8 24. Ke2 Rd4 25. Rf3 Ke6 26. Bc1 Rc4 27. Kd1 Kd5 28. Rh3 Rh4 29. Rxh4 Bxh4 30. Bb2 Bxf2 31. Bxg7 Ke4 32. Ke2 Be3 33. h3 b5 34. g4 Bg5 35. Bc3 c5 36. Be1 Bd8 37. Bf2 Be7 38. Be3 a5 39. Bd2 b4 40. Be1 a4 41. Bd2 c4 42. Bc1 Bd6 43. h4 Bf4 44. Bb2 c3 45. Ba1 Bc1 46. g5 Bb2 47. h5 Kf5 48. g6 hxg6 49. hxg6 Kxg6 50. Kd3 Bxa1 51. Kc4 b3 52. axb3 axb3 53. Kxb3 Kf5 54. Kc4 Ke4 55. Kb4 Ke3 56. Ka3 Kd2 57. Kb3 Kc1 58. Ka2 Kxc2 59. Kxa1 0-1

[Event "POL-chT3 Liga Slaska"]
[Site "Poland"]
[Date "2007.01.28"]
[Round "2"]
[White "Bitman, Marek"]
[Black "Wiecek, Pawel"]
[Result "1/2-1/2"]
[WhiteElo "2057"]
[BlackElo "2002"]
[PlyCount "105"]
[EventDate "2007.01.28"]
[EventType "team-swiss"]
[EventRounds "9"]
[EventCountry "POL"]
[SourceTitle "EXT 2011"]
[Source "ChessBase"]
[SourceDate "2010.11.26"]
[SourceVersion "1"]
[SourceVersionDate "2010.11.26"]
[SourceQuality "1"]
[WhiteTeam "Rybnik MKSz II"]
[BlackTeam "Pszczyna PSSz"]
[WhiteTeamCountry "POL"]
[BlackTeamCountry "POL"]

1. Nf3 g6 2. g3 Bg7 3. Bg2 e5 4. d3 d5 5. 0-0 Ne7 6. Nbd2 0-0 7. e4 c6 8. c3 Nd7 9. Ne1 f5 10. f4 fxe4 11. dxe4 exf4 12. gxf4 Qb6+ 13. Kh1 Nc5 14. exd5 Nxd5 15. Nc4 Qc7 16. Nd3 Nxd3 17. Qxd3 Nxf4 18. Bxf4 Rxf4 19. Rxf4 Qxf4 20. Qd8+ Qf8 21. Qc7 Qf7 22. Qd8+ Qf8 23. Qc7 Be6 24. Na5 Re8 25. Qxb7 Be5 26. Qxc6 Kg7 27. Re1 Qf4 28. Kg1 Qxh2+ 29. Kf1 Rf8+ 30. Ke2 Bg4+ 31. Kd3 Rd8+ 32. Kc2 Qg3 33. Rf1 Qd3+ 34. Kb3 Bd1+ 35. Ka3 Bd6+ 36. b4 Qc2 37. Nb3 a5 38. Be4 axb4+ 39. cxb4 Qxc6 40. Bxc6 Be5 41. Nc5 Rd6 42. b5 h5 43. Kb4 Rd4+ 44. Ka5 Bg4 45. Re1 Bg3 46. Re7+ Kf6 47. Re8 Rc4 48. Ne4+ Kf7 49. Ng5+ Kf6 50. Ne4+ Kf7 51. Ng5+ Kg7 52. Bd5 Rc3 53. Ka6 1/2-1/2